Rehotník váš oddychový mesačník

Bibliographic Details
Format: Journal
Language:Slovak
PhysicalDescription:11 zv. 30 cm
Published: Prievidza Sander Media 2000-2010
ISSN:1335-6836
Subjects:

MARC

LEADER 00000cas a2200000 a 4500
001 vtls008881154
003 SK-MaSNL
005 20260228162125.0
008 000907d20002010xo fr|p r 0 0 b0slo
022 |a 1335-6836 
035 |a (SVKBB03)vtls000052796 
040 |a SVKBB  |b slo  |c SVKBB  |d SNK  |e AACR2 
041 0 |a slo 
044 |a xo  |c SK 
072 7 |a 79  |x Rekreácia. Voľný čas. Zábavy. Hry. Šport  |2 konspekt 
072 7 |a 793  |x Spoločenské zábavy  |2 konspekt 
080 |a 379.8(051)  |2 2011 
080 |a 793.7  |2 2011 
080 |a 79  |2 2011 
080 |a 050  |2 2011 
080 |a (0:82-845)  |2 2001 
080 |a 070.487  |2 2001 
210 0 |a Rehotník  |b (Prievidza) 
222 0 |a Rehotník  |b (Prievidza) 
245 0 0 |a Rehotník  |b váš oddychový mesačník 
260 |a Prievidza  |b Sander Media  |c 2000-2010 
300 |a 11 zv.  |c 30 cm 
310 |a 2x ročne  |b 2007-2010 
321 |a 1x mesačne  |b 2000-2001 
321 |a 6x ročne  |b 2002-2006 
362 0 |a Č. 1 (júl 2000)-roč. 10, č. 2 (2010) 
500 |a Zmena podnázvu: od č. 1/2001, váš oddychový časopis ; č. 7/2001, váš oddychový mesačník ; od č. 8/2001, váš oddychový dvojmesačník ; od č. 1/2007, váš oddychový polročník 
500 |a Registračné č.: 2310/2000 
500 |a Redaktori sa menia 
515 |a R. 2007 a 2008 majú uvedený ročník 8 
650 0 7 |a zábava  |2 SNKPH  |9 3354 
650 0 7 |a krížovky  |2 SNKPH  |9 3313 
650 0 7 |a hádanky  |2 SNKPH  |9 1511 
650 0 7 |a humoristické časopisy  |2 SNKPH  |9 82233 
655 7 |a časopisy pre voľný čas  |2 SNKPH  |9 70337 
655 7 |a vtipy  |2 SNKPH  |9 70420 
770 0 |t Rehotník zbierka  |x 1336-4588  |w vtls011789377 
910 |a snk 
999 |c 6871  |d 8801 
952 |0 0  |1 0  |4 0  |7 0  |8 0  |a SNK  |b SNK  |d 2018-11-07  |i snk2018/22993  |l 0  |o snkČSB 5713/2000  |p 17A1340492  |r 2026-02-21 21:58:25  |t č. 1-6  |w 2026-02-21  |y PREZ 
952 |0 0  |1 0  |4 0  |7 0  |8 0  |a SNK  |b SNK  |d 2018-11-07  |i snk2018/22994  |l 0  |o snkČSB 5713/2/2001  |p 17A1340493  |r 2026-02-21 21:58:25  |t č. 1-10  |w 2026-02-21  |y PREZ 
952 |0 0  |1 0  |4 0  |7 0  |8 0  |a SNK  |b SNK  |d 2018-11-07  |i snk2018/22996  |l 0  |o snkČSB 5713/3/2002  |p 17A1340494  |r 2026-02-21 21:58:26  |t č. 1-5  |w 2026-02-21  |y PREZ 
952 |0 0  |1 0  |4 0  |7 0  |8 0  |a SNK  |b SNK  |d 2018-11-07  |i snk2018/22999  |l 0  |o snkČSB 5713/4/2003  |p 17A1340495  |r 2026-02-21 21:58:26  |t č. 1-6  |w 2026-02-21  |y PREZ 
952 |0 0  |1 0  |4 0  |7 0  |8 0  |a SNK  |b SNK  |d 2018-11-07  |i snk2018/23003  |l 0  |o snkČSB 5713/5/2004-2005  |p 17A1340496  |r 2026-02-21 21:58:26  |t č. 1-6  |w 2026-02-21  |y PREZ 
952 |0 0  |1 0  |4 0  |7 0  |8 0  |a SNK  |b SNK  |d 2018-11-07  |i snk2018/23005  |l 0  |o snkČSB 5713/6/2005  |p 17A1340497  |r 2026-02-21 21:58:26  |t č. 1-6  |w 2026-02-21  |y PREZ 
952 |0 0  |1 0  |4 0  |7 0  |8 0  |a SNK  |b SNK  |d 2018-11-07  |i snk2018/23006  |l 0  |o snkČSB 5713/7/2006  |p 17A1340498  |r 2026-02-21 21:58:26  |t č. 1-6  |w 2026-02-21  |y PREZ 
952 |0 0  |1 0  |4 0  |7 0  |8 0  |a SNK  |b SNK  |d 2018-11-07  |i snk2018/23009  |l 0  |o snkČSB 5713/8/2007  |p 17A1340499  |r 2026-02-21 21:58:26  |t č. 1-2  |w 2026-02-21  |y PREZ 
952 |0 0  |1 0  |4 0  |7 0  |8 0  |a SNK  |b SNK  |d 2018-11-07  |i snk2018/23013  |l 0  |o snkČSB 5713/8[9]/2008  |p 17A1340500  |r 2026-02-21 21:58:26  |t č. 1-2  |w 2026-02-21  |y PREZ 
952 |0 0  |1 0  |4 0  |7 0  |8 0  |a SNK  |b SNK  |d 2018-11-07  |i snk2018/23014  |l 0  |o snkČSB 5713/9[10]/2009  |p 17A1340501  |r 2026-02-21 21:58:26  |t č. 1-2  |w 2026-02-21  |y PREZ 
952 |0 0  |1 0  |4 0  |7 0  |8 0  |a SNK  |b SNK  |d 2018-11-07  |i snk2018/23016  |l 0  |o snkČSB 5713/2000 D1  |p 17A1340502  |r 2026-02-21 21:58:26  |t č. 1-6, neúplné  |w 2026-02-21  |y PREZ  |z Chýba č. 4 
952 |0 0  |1 0  |4 0  |7 0  |8 0  |a SNK  |b SNK  |d 2018-11-07  |i snk2018/23018  |l 0  |o snkČSB 5713/2/2001 D1  |p 17A1340503  |r 2026-02-21 21:58:26  |t č. 1-10, neúplné  |w 2026-02-21  |y PREZ  |z Chýba č. 4-6 
952 |0 0  |1 0  |4 0  |7 0  |8 0  |a SNK  |b SNK  |d 2018-11-07  |i snk2018/23019  |l 0  |o snkČSB 5713/3/2002 D1  |p 17A1340504  |r 2026-02-21 21:58:26  |t č. 1-5  |w 2026-02-21  |y PREZ 
952 |0 0  |1 0  |4 0  |7 0  |8 0  |a SNK  |b SNK  |d 2018-11-07  |i snk2018/23020  |l 0  |o snkČSB 5713/4/2003 D1  |p 17A1340505  |r 2026-02-21 21:58:26  |t č. 1-6  |w 2026-02-21  |y PREZ 
952 |0 0  |1 0  |4 0  |7 0  |8 0  |a SNK  |b SNK  |d 2018-11-07  |i snk2018/23022  |l 0  |o snkČSB 5713/5/2004-2005 D1  |p 17A1340506  |r 2026-02-21 21:58:26  |t č. 1-6  |w 2026-02-21  |y PREZ 
952 |0 0  |1 0  |4 0  |7 0  |8 0  |a SNK  |b SNK  |d 2018-11-07  |i snk2018/23024  |l 0  |o snkČSB 5713/6/2005 D1  |p 17A1340507  |r 2026-02-21 21:58:26  |t č. 1-6  |w 2026-02-21  |y PREZ 
952 |0 0  |1 0  |4 0  |7 0  |8 0  |a SNK  |b SNK  |d 2018-11-07  |i snk2018/23025  |l 0  |o snkČSB 5713/7/2006 D1  |p 17A1340508  |r 2026-02-21 21:58:26  |t č. 1-6  |w 2026-02-21  |y PREZ 
952 |0 0  |1 0  |4 0  |7 0  |8 0  |a SNK  |b SNK  |d 2018-11-07  |i snk2018/23026  |l 0  |o snkČSB 5713/8/2007 D1  |p 17A1340509  |r 2026-02-21 21:58:26  |t č. 1-2, neúplné  |w 2026-02-21  |y PREZ  |z Chýba č. 1 
952 |0 0  |1 0  |4 0  |7 0  |8 0  |a SNK  |b SNK  |d 2018-11-07  |i snk2018/23027  |l 0  |o snkČSB 5713/8[9]/2008 D1  |p 17A1340510  |r 2026-02-21 21:58:26  |t č. 1-2  |w 2026-02-21  |y PREZ 
952 |0 0  |1 0  |4 0  |7 0  |8 0  |a SNK  |b SNK  |d 2018-11-07  |i snk2018/23028  |l 0  |o snkČSB 5713/9[10]/2009 D1  |p 17A1340511  |r 2026-02-21 21:58:27  |t č. 1-2  |w 2026-02-21  |y PREZ